[Event "Costa Brava op 29th"]
[Site "Costa Brava"]
[Date "2016.11.19"]
[Round "7"]
[White "Delclos de Semis, Santiago"]
[Black "Ojeda Diaz, Izan"]
[Result "1/2-1/2"]
[WhiteElo "1355"]
[BlackElo "1480"]
[PlyCount "58"]
[EventDate "2016.09.24"]
[EventType "swiss"]
[EventRounds "9"]
[EventCountry "ESP"]
[SourceTitle "EXT 2018"]
[Source "ChessBase"]
[SourceDate "2017.10.13"]
[SourceVersion "1"]
[SourceVersionDate "2017.10.13"]
[SourceQuality "1"]

1. d4 d5 2. c4 dxc4 3. e3 e6 4. Bxc4 Nf6 5. Nc3 Bd6 6. Nf3 Nc6 7. 0-0 0-0 8. Qc2 b6 9. a3 Bb7 10. e4 e5 11. dxe5 Nxe5 12. Nxe5 Bxe5 13. Bg5 Qd4 14. Bd3 Bd6 15. Rad1 Qe5 16. f4 Qd4+ 17. Kh1 Nh5 18. Ne2 Qe3 19. Rf3 Qc5 20. Qb1 Bc8 21. e5 Bg4 22. Rf2 Qxf2 23. exd6 cxd6 24. Rf1 Qe3 25. Re1 Rfe8 26. Qd1 Qf2 27. Rf1 Bxe2 28. Bxe2 Qxe2 29. Qb1 Qe3 1/2-1/2

[Event "Costa Brava op 29th"]
[Site "Costa Brava"]
[Date "2016.11.05"]
[Round "5"]
[White "Ojeda Diaz, Izan"]
[Black "Vidal Masferrer, Maria"]
[Result "0-1"]
[WhiteElo "1480"]
[BlackElo "1497"]
[PlyCount "106"]
[EventDate "2016.09.24"]
[EventType "swiss"]
[EventRounds "9"]
[EventCountry "ESP"]
[SourceTitle "EXT 2018"]
[Source "ChessBase"]
[SourceDate "2017.10.13"]
[SourceVersion "1"]
[SourceVersionDate "2017.10.13"]
[SourceQuality "1"]

1. e4 e5 2. Nf3 Nc6 3. Bc4 Bc5 4. 0-0 Nf6 5. Nc3 0-0 6. a3 d6 7. d3 h6 8. h3 Be6 9. Bxe6 fxe6 10. Na4 Bb6 11. Nxb6 axb6 12. Be3 Qe8 13. d4 exd4 14. Nxd4 Nxe4 15. Qd3 d5 16. Nxc6 bxc6 17. Qd4 e5 18. Qd3 Qe6 19. c4 Rad8 20. b4 Nf6 21. Rac1 dxc4 22. Qxc4 Qxc4 23. Rxc4 Ra8 24. Bc1 Nd5 25. Rxc6 Nf4 26. Rxc7 Ne2+ 27. Kh1 Nxc1 28. Rfxc1 Rxa3 29. Rb7 Rxf2 30. Kg1 Rf4 31. Rxb6 Ra4 32. Rb1 e4 33. b5 e3 34. Re1 Ra3 35. Rc6 Rf7 36. Re6 Rb3 37. Re5 Rb7 38. R1xe3 Rxe3 39. Rxe3 Rxb5 40. g4 Rb2 41. Kf1 g6 42. Re7 Rh2 43. Re3 Kf7 44. Kg1 Ra2 45. Rf3+ Kg7 46. Rf2 Rxf2 47. Kxf2 Kf6 48. Kg3 Ke5 49. h4 Ke4 50. h5 g5 51. Kg2 Kf4 52. Kh3 Kf3 53. Kh2 Kxg4 0-1

[Event "Palafrugell Gelpi Memorial 28th"]
[Site "Palafrugell"]
[Date "2015.??.??"]
[Round "7"]
[White "Giralt Toro, Julio"]
[Black "Ojeda Diaz, Izan"]
[Result "1-0"]
[WhiteElo "1813"]
[BlackElo "1456"]
[PlyCount "57"]
[EventDate "2015.09.26"]
[EventType "swiss"]
[EventRounds "9"]
[EventCountry "ESP"]
[SourceTitle "EXT 2017"]
[Source "ChessBase"]
[SourceDate "2016.10.25"]
[SourceVersion "1"]
[SourceVersionDate "2016.10.25"]
[SourceQuality "1"]

1. b4 g6 2. Bb2 Nf6 3. e4 Bg7 4. e5 Nd5 5. a3 0-0 6. Nf3 d6 7. Bc4 Nb6 8. Bb3 Bf5 9. 0-0 N8d7 10. d4 Be4 11. Nbd2 Bd5 12. c4 Be6 13. Re1 c5 14. d5 Bg4 15. h3 Bh5 16. g4 Bxg4 17. hxg4 e6 18. Rb1 exd5 19. exd6 Bxb2 20. Rxb2 dxc4 21. Nxc4 Nxc4 22. Bxc4 cxb4 23. axb4 Qf6 24. Rb3 Rac8 25. Bd5 Rc3 26. Rxc3 Qxc3 27. Qd4 Qxd4 28. Nxd4 Ne5 29. Rxe5 1-0